| 000 | 01415nam a22003017a 4500 | ||
|---|---|---|---|
| 001 | 6098 | ||
| 003 | FISKH | ||
| 005 | 20250312100432.0 | ||
| 008 | 250312b cb ||||| |||| 00| 0 eng d | ||
| 020 | _a9781407133225 | ||
| 040 |
_aFISKH _beng _cFISKH _dFISKH |
||
| 050 | _aPZ7 | ||
| 082 | _a823.92 | ||
| 100 | _aMongredien, Sue | ||
| 245 |
_aPuppy gets stuck : _bBased on a real-life animal rescue / _cBy Sue Mongredien ; Illustrated by Don Davis |
||
| 260 |
_aLondon : _bScholastic, _c2013. |
||
| 300 |
_a147 pages : _billustrations ; _c20 cm |
||
| 490 | _aRSPCA | ||
| 505 | _aR | ||
| 520 | _aEmily's family has a new puppy. Pickle is naughty and loves exploring. But one day, when out for a walk, Pickle goes missing. Emily's family search everywhere - the whole village gets involved. Pickle can't be found. And then Emily hears a tiny yap - it's Pickle! But he's fallen into an old mineshaft. The RSPCA come to help, and the fire brigade. They will have to send a winch down and try to coax Pickle into the harness. At first Pickle doesn't get in, but then they send his blanket down and Emily shouts "get in your basket". Pickle gets in and is pulled out safely! | ||
| 521 | 8 |
_a700
_bLexile estimate |
|
| 521 | 8 |
_aR
_bRaz-Plus |
|
| 650 |
_aAnimals _vFiction |
||
| 650 |
_aFamily _vChildren's Dogs |
||
| 700 |
_aDavis, Jon _eillustrator |
||
| 942 |
_2ddc _cBK _n0 |
||
| 999 |
_c6098 _d6098 |
||